Economic Statecraft

Salvato in:
Dettagli Bibliografici
Autore principale: Baldwin, David A.
Natura: Libro
Lingua:inglese
Pubblicazione: Princeton Princeton University Press 1985
Edizione:1. ed.
Soggetti:
Tags: Aggiungi Tag
Nessun Tag, puoi essere il primo ad aggiungerne!!

MARC

LEADER 00000nam a2200000 4500
001 c021281
005 20221207074541.3
020 |a 0-691-07687-1 
041 0 |a eng 
044 |a US 
245 1 0 |a Economic Statecraft  |c David A. Baldwin 
250 |a 1. ed. 
264 1 |a Princeton  |b Princeton University Press  |c 1985 
300 |a 409 s. 
610 2 0 |a hospodárnosť 
610 2 0 |a hospodárstvo národné 
610 2 0 |a štát 
610 2 0 |a štúdie prípadové 
100 1 |a Baldwin, David A.